000 00396pam a2200145 a 4500
020 _a9781416049746
_c
041 _h
082 _a617.3
_bBRO/CUI
100 _aBROWN T.E., CUI Q., MIHALKO W.
245 _aARTHRITIS AND ARTHROPLASTY : THE KNEE (WITH CD + ONLINE)
_hTextual Documents
260 _bSAUNDERS
_c2009
300 _a334:
_bXVII;
_cHB.+
_eCD+ONLINE.
930 _a4645
999 _c799173
_d799173
650 _aORTHO